000 00776nam a2200253Ia 4500
003 OSt
005 20220926012318.0
006 a|||||r|||| 00| 0
007 ta
008 220923b |||||||| |||| 00| 0 eng d
020 _a9781108482417
_c7050.00
037 _b147, 13/02/2020, CLASSIC BOOKS SERVICES
_cGeneral Book
040 _aRTL
_cRTL
_beng
041 _2eng
_aeng
082 _aX:9.2, Q9
100 _aBREMAN Jan
245 0 _aCapitalism, inequality and labour in India.
260 _aNew York
_bCambridge University Press
_c2019
300 _axii,286p.
_ccm.
500 _aBibliography chapterwise
650 _aEconomics
942 _hX:9.2, Q9
_cGB
_2CC
999 _c622479
_d622479